000
00366nam a2200169Ia 4500
003
0STCL
008
150530s9999 xx 000 0 und d
040
_a
STCL
_c
STCL
100
_a
Sporne, K.R.
245
_a
Morphology of angiosperms
250
_a
First
260
_c
1977
546
_a
English
942
_2
ddc
_c
BK
999
_c
36116
_d
36116
005
20220125170358.0